Curso de perfeccionamiento para funcionarios de las corporaciones locales
Publicado:
San Jorge, núm. 78 (2n trimestre 1970), pàg 127 :
MARC
| LEADER | 00000nam a2200000Ia 4500 | ||
|---|---|---|---|
| 001 | |||
| 008 | 160829s9999 xx 000 0 cat d | ||
| 245 | |a Curso de perfeccionamiento para funcionarios de las corporaciones locales | ||
| 260 | |a San Jorge, núm. 78 (2n trimestre 1970), pàg 127 | ||
| 610 | 1 | 0 | |a Barcelona (Catalunya : Província). |b Diputació |x Funcionaris i empleats |x Formació |9 56151 |
| 901 | |a Arxiu | ||
| 942 | |n 1 | ||
| 952 | |0 0 |1 0 |4 0 |7 1 |9 49606 |a Arxiu |b Arxiu |d 2016-12-01 |l 0 |r 2016-12-01 00:00:00 |w 2016-12-01 |y ARXIU | ||
| 999 | |c 53448 |d 53448 | ||